LEADER 01532nam2 2200337 450 001 000036272 005 20180719140945.0 100 $a20140313d1933----km-y0itaa50------ba 101 0 $aita 102 $aIT 200 1 $aVeneto$fDario Perini 210 $aMilano ; Roma$c<> Treves-Treccani-Tumminelli$dstampa 1933 215 $a116 p., 1 carta geogr.$d27 cm. 316 $aIn testa al frontespizio: Gioacchino Viggiani 20-7-48 461 1$1001000035587$12001$aRapporti fra proprietà, impresa e mano d'opera nell'agricoltura italiana$v15 606 1 $aProprietà fondiaria$yVeneto 606 2 $aAziende agrarie$xRapporti di lavoro$yVeneto$y1932-1933 676 $a338.109453$v(22. ed.)$9Produzione. Agricoltura. Veneto 676 $a333.33509453$v(22. ed.)$9Proprietà privata della terra. Trasferimento del possesso e del diritto all'uso della terra. Terreni rurali Terreni agricoli. Veneto 700 1$aPerini,$bDario$f<1898-1982>$0353800 801 0$aIT$bUniversità della Basilicata - B.I.A.$gREICAT$2unimarc 912 $a000036272 996 $aVeneto$91529845 997 $aUNIBAS CAT $aSTD093$b01$c20140313$lBAS01$h1322 CAT $aTTM$b30$c20140331$lBAS01$h1002 CAT $aTTM$b30$c20140331$lBAS01$h1012 CAT $aATR$b20$c20180719$lBAS01$h1409 CAT $aATR$b20$c20180719$lBAS01$h1409 FMT Z30 -1$lBAS01$LBAS01$mBOOK$1BASA2$APolo Tecnico-Scientifico$2FVIG$BFondo Viggiani$3FVig/41423$641423$5T41423$7Collocato presso la Scuola di Agraria$820140313$f35$FStanza riservata LEADER 01080nam--2200349---450- 001 990002050320203316 005 20090610115744.0 035 $a000205032 035 $aUSA01000205032 035 $a(ALEPH)000205032USA01 035 $a000205032 100 $a20041004d1973----km-y0itay0103----ba 101 $aita 102 $aIT 105 $a||||||||001yy 200 1 $aManuale di contabilita di Stato$econ riferimenti all'ordinamento contabile delle regioni, delle province, dei comuni e di altri enti pubblici$fAntonio Bennati 205 $a7. ed. 210 $aNapoli$cJovene$d1973 215 $aXXXI, 685 p.$d24 cm 410 0$12001 454 1$12001 461 1$1001-------$12001 700 1$aBENNATI,$bAntonio$07326 801 0$aIT$bsalbc$gISBD 912 $a990002050320203316 951 $aXXIV.3.R 25 (IG V 174)$b35236 G.$cXXIV.3.R 25 (IG V)$d00172915 959 $aBK 969 $aGIU 979 $aSIAVPROV$b10$c20041004$lUSA01$h1811 979 $aRSIAV5$b90$c20090610$lUSA01$h1157 996 $aManuale di contabilità di Stato$963525 997 $aUNISA